Elon Musk (Record no. 12079)

MARC details
000 -LEADER
fixed length control field 00242nam a22000977a 4500
008 - FIXED-LENGTH DATA ELEMENTS--GENERAL INFORMATION
fixed length control field 221018b |||||||| |||| 00| 0 eng d
020 ## - INTERNATIONAL STANDARD BOOK NUMBER
International Standard Book Number 9780753555644
100 ## - MAIN ENTRY--PERSONAL NAME
Personal name Vance Ashlee
9 (RLIN) 7587
245 ## - TITLE STATEMENT
Title Elon Musk
260 ## - PUBLICATION, DISTRIBUTION, ETC. (IMPRINT)
Place of publication, distribution, etc. London
Name of publisher, distributor, etc. Virgin Books
Date of publication, distribution, etc. 2015
Holdings
Withdrawn status Lost status Source of classification or shelving scheme Damaged status Not for loan Collection code Home library Current library Date acquired Total Checkouts Barcode Checked out Date last seen Price effective from Koha item type
    Dewey Decimal Classification     Non-fiction Good Samaritan School Library Good Samaritan School Library 10/18/2022   VAN920   10/18/2022 10/18/2022 BOOK

Powered by Koha